000 00466nam a2200169Ia 4500
008 090711s9999 xx 000 0 und d
082 _b34094
100 _aपै शिरीष
245 _aहृदयरंग
260 _bनीळकंठप्रकाशन
_c1971
300 _a148
600 _aपै शिरीष
630 _aहृदयरंग
700 _aपै शिरीष
730 _aहृदयरंग
942 _cBOOK
999 _c330978
_d330978